| 000 | 00632nam a22001817a 4500 | ||
|---|---|---|---|
| 999 |
_c12221 _d12221 |
||
| 003 | AR-CdUCM | ||
| 008 | 190408b ||||| |||| 00| 0 spa d | ||
| 040 |
_aMUNICIPALIDAD PROVINCIAL DEL CUSCO _cBIBLIOTECA MUNICIPAL DEL CUSCO |
||
| 082 |
_a823 / _bC96 |
||
| 245 | _aLa cueva del diablo / | ||
| 260 |
_aMadrid : _bApostolado de prensa _c1924. |
||
| 300 |
_a60 paginas ; _c24 cm. |
||
| 505 | _aContenido :La cueva del diablo --El que a fuego mata --El milagro del Corpus --El cura y el general --La cruz del perdón ... | ||
| 650 |
_aLiteratura _983 |
||
| 650 |
_aCuentos _9217 |
||
| 942 |
_2ddc _cLIBROS |
||
| 945 |
_arjall _d2009-04-08 |
||